000 00716cam a2200253 4500
001 ABS63533
008 000000n2001 000 0 eng u
035 _a(Sirsi) u111149
100 _aFordham, P.
245 _aCost update
260 _c2001
490 _aBuilding
_v266(8170) 23 February 2001, 63-65(3)
520 _aQuarterly analysis of prices for mechanical heating and labour rates for electrical contracting.
590 _aABS
650 _aCOST ANALYSIS
650 _aLABOUR RATES
650 _aMECHANICAL AND ELECTRICAL WORKS
650 _aTENDERING
650 _aCOSTS
650 _aHEATING SYSTEMS
650 _aCONTRACTORS
690 _aBUILT ENVIRONMENT-BUILDING COSTS
942 _n0
999 _c66219
_d66219